Don't Cry - Guns N' Roses - Statistics

General Stats
  • This quiz has been taken 135 times
  • The average score is 183 of 221
Answer Stats
Answer % Correct
to
100%
you
99%
cry
98%
Don't
98%
don't
98%
a
96%
I
96%
the
96%
so
95%
there
95%
me
94%
tonight
93%
baby
90%
there's
89%
your
89%
and
88%
And
88%
in
86%
eyes
85%
love
84%
heaven
81%
softly
81%
something
81%
Something
81%
Talk
81%
above
80%
please
79%
still
78%
be
76%
it
75%
we
73%
is
70%
now
70%
before
69%
Give
69%
give
69%
of
68%
bad
66%
had
66%
tell
66%
times
66%
whisper
66%
been
65%
I'll
65%
kiss
65%
remember
65%
sorrow
65%
that
65%
feel
64%
goodbye
64%
take
64%
hard
63%
inside
63%
I've
63%
never
63%
know
61%
lied
61%
thinking
61%
ever
60%
how
60%
sigh
60%
honey
59%
own
59%
way
58%
head
56%
make
56%
oh
54%
but
53%
sugar
53%
changing
51%
tomorrow
51%
felt
50%
gotta
50%
you'll
50%
You'll
50%
alright
48%
someday
48%
better
46%
hang
45%
light
43%
morning
43%
maybe
38%
come
31%
No matching quizzes found
Score Distribution
Percent of People with Each Score
Percentile by Number Answered
Your Score History
You have not taken this quiz